Statistics for Which song are wrong?

Click here to take the quiz!

General Stats

  • This quiz has been taken 17 times
  • The average score is 11 of 15

Answer Stats

QuestionAnswer% Correct
BlackpinkBetter up
93%
Le SserafimDance the night away
93%
TwiceLike Crazy
93%
IveUnforgiven
93%
StayCBaddie
86%
ÆspaCandy
86%
NewJeansTo Bad
86%
MamamooI Am
79%
NMIXXDo it like that
71%
Red VelvetIce cream
71%
VIVIZEleven
64%
Purple KissRun2U
57%
Kep1erI do
50%
EXIDO.O.O
50%
Girls' GenerationForever
14%

Score Distribution

Percentile by Number Answered

Percent of People with Each Score

Your Score History

You have not taken this quiz